Brain-Computer Interface: Using Deep Learning Applications /

Guardado en:
Bibliografiske detaljer
Andre forfattere: Sumithra, M.G. (edición) (edición)
Format: Bog
Sprog:engelsk
Udgivet: Hoboken, EUA : Wiley, 2023, c2023
Online adgang:Ver documento en línea
Tags: Tilføj Tag
Ingen Tags, Vær først til at tagge denne postø!

MARC

LEADER 00000nam^a22000000a04500
001 000630870
005 20260415000000.0
009 20260415195734.735
020 |a 9781119857648 
037 |a Acervo ITESO - Biblioteca 
041 |a ING 
082 |a Libro en línea 
245 0 0 |a Brain-Computer Interface:  |b Using Deep Learning Applications / 
264 4 |a Hoboken, EUA :  |b Wiley,  |c 2023, c2023 
264 2 |a Hoboken, EUA :  |b Wiley [distribución],  |c 2025 
300 |a 1 libro electrónico en línea ( p.) 
300 |a 1 recurso en línea 
336 |a datos para computadora  |b cod  |2 rdacontenido 
337 |a computadora  |b c  |2 rdamedio 
338 |a recurso en línea  |b cr  |2 rdasoporte 
506 0 |a Licencias ilimitadas 
521 |a Wiley 2026 EEnlace Departamento de Electrónica, Sistemas e Informática 
567 |a Catalogación rápida 
649 |a XX 
700 |a Sumithra, M.G.  |e (edición) 
856 4 0 |u https://ezproxy.iteso.mx/login?qurl=https%3A%2F%2Fieeexplore.ieee.org%2Fservlet%2Fopac%3Fbknumber%3D10950269  |y Ver documento en línea 
910 |a Fondo General 
920 |a Electrónicos - Libros en Línea 
930 |a Plataforma Digital 
905 |a 205 
902 |a https://opac.biblio.iteso.mx/vufind/Record/000630870